Lapin urheiluseuroja - Statistics

Yleistilastot
  • Tätä visaa on pelattu 32 kertaa
  • Keskiarvotulos 5 / 12
Vastaustilastot
Kuvavisa Hint Vastaus % Oikein
Mestis | Auroraliiga Rovaniemen Kiekko
96%
M Ykkönen Rovaniemen Palloseura
85%
M Kakkonen Tornion Pallo -47
70%
II-divisioona Kemijärven Kiekko
56%
mm. M Futsal-Liiga Tornion Palloveikot
52%
mm. hiihto, suunnistus Ounasvaaran Hiihtoseura
48%
M Ykköspesis | N Suomensarja Simon Kiri
41%
M Futsal-Liiga FC Kemi
26%
N Mestaruussarja Arctic Volley
19%
II-divisioona Etelä-Portimo -72
15%
N Bandy-liiga Veitsiluodon Vastus
11%
N Futsal-Liiga FTK Kemi-Tornio
4%
Ehtoja vastaavia visoja ei löytynyt
Tulosjakauma
Jokaisen tuloksen saaneiden osuus
Persentiili vastausten määrän mukaan
Tuloshistoriasi
Et ole pelannut tätä visaa